| 000 | 01565cam a2200421 i 4500 | ||
|---|---|---|---|
| 999 |
_c531472 _d531472 |
||
| 001 | 17670304 | ||
| 003 | NUST | ||
| 005 | 20191017124940.0 | ||
| 008 | 130322t2013 cau b 001 0 eng | ||
| 010 | _a 2013007356 | ||
| 020 | _a9781118531181 (cloth) | ||
| 020 | _a9781118640081 (ebk) | ||
| 020 | _a9781118640289 (ebk) | ||
| 020 | _a9781118640074 (ebk) | ||
| 038 | _aATTA | ||
| 040 |
_aDLC _beng _cDLC _erda _dDLC |
||
| 042 | _apcc | ||
| 050 | 0 | 0 |
_aHF5549 _b.K4994 2013 |
| 082 | 0 | 0 |
_a658.301 KIN _223 |
| 100 | 1 |
_aKinley, Nik, _d1968- _924224 |
|
| 245 | 1 | 0 |
_aTalent intelligence : _bwhat you need to know to identify and measure talent / _cNik Kinley, Shlomo Ben-Hur. |
| 250 | _aFirst edition. | ||
| 264 | 1 |
_aSan Francisco : _bJossey-Bass, A Wiley Brand, _c[2013]. |
|
| 264 | 4 | _c©2013 | |
| 300 |
_axiv, 255 pages ; _c24 cm |
||
| 336 |
_atext _2rdacontent |
||
| 337 |
_aunmediated _2rdamedia |
||
| 338 |
_avolume _2rdacarrier |
||
| 504 | _aIncludes bibliographical references (pages 225-246) and index. | ||
| 650 | 0 |
_aPersonnel management. _91204 |
|
| 650 | 0 |
_aEmployees _xRating of. _912376 |
|
| 650 | 0 |
_aEmployees _xRecruiting. _912420 |
|
| 700 | 1 |
_aBen-Hur, Shlomo, _d1962- _924225 |
|
| 776 | 0 | 8 |
_iOnline version: _aKinley, Nik, 1968- _tTalent intelligence _bFirst edition. _dSan Francisco : Jossey-Bass, A Wiley Brand, [2013] _z9781118640081 _w(DLC) 2013012597 |
| 906 |
_a7 _bcbc _corignew _d1 _eecip _f20 _gy-gencatlg |
||
| 942 |
_2ddc _cBK |
||